| 000 | 004710000a22001930004500 | ||
|---|---|---|---|
| 001 | 001704 | ||
| 003 | MACL | ||
| 005 | 20150923154844.0 | ||
| 008 | 150923b xxu||||| |||| 00| 0 eng d | ||
| 040 |
_aMACL _cMACL |
||
| 041 | _aEnglish | ||
| 082 | _a891.45/BOR | ||
| 100 |
_aHomen Borgihain, _912474 |
||
| 245 |
_aAstorag Senset _cHomen Borgihain |
||
| 260 |
_aNew Delhi _c1996 _bSahitya Akademi, |
||
| 350 | _a75 | ||
| 650 |
_aLiterature _912475 |
||
| 942 |
_k891 _cBK _2ddc |
||
| 999 |
_c13622 _d13622 |
||